00253nam a22001217a 4500003000400000020002200004082001400026100002000040245002900060250000900089260002500098300000800123SGT a978-93-86896-28-5 a615bP19M aMASIH, SHABNAM  aPHARMACOLOGY FOR NURSES  a4TH  aINDIA bLOTUS c2019 a468